[Event "TUR-ch (Women)"]
[Site "Gaziantep"]
[Date "2024.03.03"]
[Round "1"]
[White "Beytas, Elena"]
[Black "Sahin, Handenur"]
[Result "0-1"]
[WhiteElo "1526"]
[BlackElo "1955"]
[PlyCount "108"]
[EventDate "2024.03.03"]
[EventType "swiss"]
[EventRounds "9"]
[EventCountry "TUR"]
[SourceTitle "CB11_2024"]
[SourceDate "2024.03.13"]
[SourceVersion "1"]
[SourceVersionDate "2024.03.13"]
[SourceQuality "1"]

1. Nf3 Nh6 2. Ng1 Ng8 3. Nf3 d5 4. d4 Nf6 5. c4 e6 6. g3 dxc4 7. Qa4+ Nbd7 8. Qxc4 c5 9. Bg2 a6 10. 0-0 b5 11. Qc2 Bb7 12. b3 Rc8 13. Qb2 Bd6 14. Bg5 h6 15. Bxf6 Nxf6 16. Nbd2 0-0 17. Rac1 Qb6 18. dxc5 Bxc5 19. e3 Rfd8 20. b4 Be7 21. Rxc8 Rxc8 22. a3 Qc7 23. Nb3 Nd5 24. Rc1 Nc3 25. Nfd4 Bxg2 26. Kxg2 Qb7+ 27. Kg1 Na4 28. Rxc8+ Qxc8 29. Qc2 Qc4 30. Na5 Qxc2 31. Nxc2 e5 32. f4 f6 33. Kf2 Kf7 34. Kf3 Ke6 35. e4 g6 36. h3 Nc3 37. Nc6 Bd6 38. fxe5 fxe5 39. Nd8+ Ke7 40. Nb7 Bc7 41. Nc5 a5 42. bxa5 Bxa5 43. Nd3 Kd6 44. Nf2 Nb1 45. Nd3 Bb6 46. g4 Nd2+ 47. Ke2 Nxe4 48. Kf3 Nc3 49. h4 e4+ 50. Kf4 exd3 51. Ne3 d2 52. g5 Bxe3+ 53. Kxe3 d1Q 54. gxh6 Nd5+ 0-1

[Event "TUR-chT 1st League"]
[Site "Denizli"]
[Date "2023.07.14"]
[Round "8.15"]
[White "Mammadova, Gulnar Marfat Qizi"]
[Black "Sahin, Handenur"]
[Result "1-0"]
[WhiteElo "2357"]
[BlackElo "1924"]
[PlyCount "109"]
[EventDate "2023.07.09"]
[EventType "team-swiss"]
[EventRounds "9"]
[EventCountry "TUR"]
[SourceTitle "CBM 215 Extra"]
[Source "ChessBase"]
[SourceDate "2023.09.30"]
[SourceVersion "1"]
[SourceVersionDate "2023.09.30"]
[SourceQuality "1"]
[WhiteTeam "Pamukkale Universiteli"]
[BlackTeam "Bulancak Ihsaniye Genclik"]
[WhiteTeamCountry "TUR"]
[BlackTeamCountry "TUR"]

1. e4 e5 2. Nf3 Nc6 3. Bb5 a6 4. Ba4 d6 5. 0-0 Bd7 6. c3 Nf6 7. Re1 g6 8. d4 Bg7 9. Nbd2 0-0 10. Bb3 exd4 11. cxd4 Nh5 12. d5 Na5 13. Bc2 b5 14. Rb1 c5 15. dxc6 Nxc6 16. Bb3 Ne5 17. Nxe5 dxe5 18. Nf3 Bg4 19. Bd5 Rc8 20. h3 Bd7 21. Bg5 Qe8 22. Qd2 Nf6 23. Bxf6 Bxf6 24. Qa5 Rc2 25. Qxa6 Be7 26. Rec1 Qc8 27. Qxc8 Rfxc8 28. Rd1 Bc5 29. Bxf7+ Kxf7 30. Rxd7+ Ke6 31. Rbd1 Rxf2 32. Ng5+ Kf6 33. Nxh7+ Ke6 34. Kh2 Bd4 35. Rg7 Rcc2 36. Rxg6+ Kf7 37. Rg3 Rxb2 38. a3 Rbe2 39. Rc1 Rc2 40. Rxc2 Rxc2 41. Rf3+ Ke7 42. Nf6 Re2 43. h4 Ke6 44. Kh3 Be3 45. Nd5 Bc5 46. Nc3 Re1 47. h5 Rh1+ 48. Kg4 Be7 49. Rh3 Rf1 50. h6 Rf4+ 51. Kg3 Bf6 52. Nd5 Rxe4 53. Nxf6 Kxf6 54. h7 Re3+ 55. Kg4 1-0

[Event "TUR-chT 1st League"]
[Site "Konya"]
[Date "2022.08.26"]
[Round "7.10"]
[White "Ercan, Hilal"]
[Black "Sahin, Handenur"]
[Result "1/2-1/2"]
[WhiteElo "1224"]
[BlackElo "1953"]
[PlyCount "95"]
[EventDate "2022.08.22"]
[EventType "team-swiss"]
[EventRounds "9"]
[EventCountry "TUR"]
[SourceTitle "CBM 209 Extra"]
[Source "ChessBase"]
[SourceDate "2022.09.30"]
[SourceVersion "1"]
[SourceVersionDate "2022.09.30"]
[SourceQuality "1"]
[WhiteTeam "Salihli Sardes"]
[BlackTeam "Olbia Satranc"]
[WhiteTeamCountry "TUR"]
[BlackTeamCountry "TUR"]

1. d4 d5 2. Nf3 Nf6 3. Bf4 c6 4. e3 Bf5 5. Bd3 Bg6 6. Nbd2 e6 7. Ne5 Nbd7 8. Nxg6 hxg6 9. h3 Nb6 10. Nf3 Bd6 11. Ne5 Bxe5 12. Bxe5 Qe7 13. c3 Nbd7 14. Bh2 g5 15. Qb3 Nb6 16. 0-0-0 Ne4 17. Qc2 Nd6 18. Be5 f6 19. Bxd6 Qxd6 20. Bg6+ Kd7 21. Bd3 Rae8 22. e4 Kc7 23. Rhe1 Qf4+ 24. Kb1 Kb8 25. e5 fxe5 26. Rxe5 Rhf8 27. Re2 e5 28. dxe5 Rxe5 29. Rde1 Nd7 30. Qc1 Qf6 31. Qd2 Rfe8 32. Rxe5 Rxe5 33. Rxe5 Nxe5 34. Bc2 g4 35. hxg4 Nxg4 36. f3 Ne5 37. Qd4 Qd6 38. f4 Nc4 39. g3 Qe7 40. Qf2 Kc7 41. Bd3 Nb6 42. Kc2 a6 43. g4 Nd7 44. Qe2 Qf6 45. Qe3 Kd6 46. g5 Qe6 47. Qg3 Nc5 48. Qf3 1/2-1/2

[Event "TUR-chT 1st League"]
[Site "Konya"]
[Date "2022.08.23"]
[Round "2.9"]
[White "Sahin, Handenur"]
[Black "Kaplan, Ebru"]
[Result "0-1"]
[WhiteElo "1953"]
[BlackElo "1944"]
[PlyCount "88"]
[EventDate "2022.08.22"]
[EventType "team-swiss"]
[EventRounds "9"]
[EventCountry "TUR"]
[SourceTitle "CBM 209 Extra"]
[Source "ChessBase"]
[SourceDate "2022.09.30"]
[SourceVersion "1"]
[SourceVersionDate "2022.09.30"]
[SourceQuality "1"]
[WhiteTeam "Olbia Satranc"]
[BlackTeam "Bulancak Ihsaniye Genclik"]
[WhiteTeamCountry "TUR"]
[BlackTeamCountry "TUR"]

1. e4 c5 2. c3 d5 3. exd5 Qxd5 4. d4 g6 5. Nf3 Bg7 6. Na3 cxd4 7. Nb5 Na6 8. Nbxd4 Nf6 9. Be2 0-0 10. 0-0 e5 11. Nb5 Bg4 12. Qxd5 Nxd5 13. h3 Bd7 14. Rd1 Bc6 15. Bc4 Nac7 16. Nxc7 Nxc7 17. Be3 Ne6 18. Rd6 Nf4 19. Bxf4 exf4 20. Rad1 Rae8 21. h4 Re4 22. Bd3 Re7 23. Nd4 Be5 24. Nxc6 Bxd6 25. Nxe7+ Bxe7 26. Be4 Bxh4 27. Bxb7 Re8 28. Bf3 f5 29. Kf1 Re7 30. Rd5 Kg7 31. c4 Bf6 32. Rd2 g5 33. Bd5 g4 34. c5 h5 35. c6 h4 36. Bc4 Be5 37. Re2 Kf6 38. Bd5 Rh7 39. Kg1 Rg7 40. Kf1 h3 41. gxh3 gxh3 42. Bh1 h2 43. f3 Rg1+ 44. Kf2 Bd4+ 0-1

[Event "Titled Tuesday intern op 08th Mar Early"]
[Site "Chess.com INT"]
[Date "2022.03.08"]
[Round "9"]
[White "Sahin, Handenur"]
[Black "Decuigniere, Tom"]
[Result "0-1"]
[WhiteElo "1997"]
[BlackElo "2292"]
[PlyCount "68"]
[EventDate "2022.03.08"]
[EventType "swiss (blitz)"]
[EventRounds "11"]
[EventCountry "USA"]
[SourceTitle "CBM 207 Extra"]
[Source "ChessBase"]
[SourceDate "2022.05.31"]
[SourceVersion "1"]
[SourceVersionDate "2022.05.31"]
[SourceQuality "1"]

1. e4 c5 2. c3 Nf6 3. e5 Nd5 4. d4 cxd4 5. Nf3 Nc6 6. cxd4 g6 7. Bc4 Nb6 8. Bb3 Bg7 9. Bf4 0-0 10. d5 Na5 11. Nc3 d6 12. 0-0 Bg4 13. exd6 exd6 14. Qd3 Rc8 15. Rac1 Nac4 16. Nd4 Nxb2 17. Qb1 Bxd4 18. Qxb2 Qf6 19. Bd2 Rc7 20. Ne4 Bxb2 21. Nxf6+ Bxf6 22. Rxc7 Be2 23. Re1 Ba6 24. g3 Bd8 25. Rcc1 Nd7 26. Bh6 Ne5 27. Bxf8 Kxf8 28. Rc8 Nf3+ 29. Kg2 Nxe1+ 30. Kh3 Ke7 31. Rc1 Nd3 32. Rc3 h5 33. Kg2 Ba5 34. Rc2 Ne1+ 0-1

[Event "Titled Tuesday intern op 01st Mar Early"]
[Site "Chess.com INT"]
[Date "2022.03.01"]
[Round "1"]
[White "Sahin, Handenur"]
[Black "Di Nicolantonio, Lucas"]
[Result "0-1"]
[WhiteElo "1997"]
[BlackElo "2416"]
[PlyCount "104"]
[EventDate "2022.03.01"]
[EventType "swiss (blitz)"]
[EventRounds "11"]
[EventCountry "USA"]
[SourceTitle "CBM 207 Extra"]
[Source "ChessBase"]
[SourceDate "2022.05.31"]
[SourceVersion "1"]
[SourceVersionDate "2022.05.31"]
[SourceQuality "1"]

1. e4 e6 2. d4 d5 3. Nd2 c5 4. c3 cxd4 5. cxd4 dxe4 6. Nxe4 Nf6 7. Nxf6+ Qxf6 8. Nf3 Bb4+ 9. Bd2 Bxd2+ 10. Qxd2 0-0 11. Bd3 Nc6 12. 0-0 Rd8 13. Rad1 b6 14. Bxh7+ Kxh7 15. Qc2+ Qg6 16. Qxc6 Ba6 17. Ne5 Qf5 18. Rfe1 f6 19. Nf3 e5 20. d5 Rac8 21. Qa4 Bc4 22. d6 a5 23. b3 Be6 24. Qh4+ Kg8 25. h3 Rc6 26. Qa4 Rcxd6 27. Rxd6 Rxd6 28. Qe8+ Kh7 29. Nh4 Qg5 30. Nf3 Qf4 31. Qh5+ Kg8 32. Qe8+ Kh7 33. Qh5+ Qh6 34. Qe8 Bd5 35. Nh2 Qg6 36. Qxg6+ Kxg6 37. f3 Rc6 38. Re2 Rc1+ 39. Kf2 b5 40. Nf1 a4 41. bxa4 bxa4 42. Ne3 Bf7 43. a3 Ra1 44. Rd2 Rxa3 45. Rd7 Ra2+ 46. Kg3 a3 47. Ng4 Rb2 48. h4 a2 49. h5+ Kxh5 50. Rxf7 a1Q 51. Rxg7 Qe1+ 52. Kh3 Qh4# 0-1

[Event "Titled Tuesday intern op 01st Mar Early"]
[Site "Chess.com INT"]
[Date "2022.03.01"]
[Round "3"]
[White "Tsyhanchuk, Stanislav"]
[Black "Sahin, Handenur"]
[Result "1-0"]
[WhiteElo "2273"]
[BlackElo "1997"]
[PlyCount "77"]
[EventDate "2022.03.01"]
[EventType "swiss (blitz)"]
[EventRounds "11"]
[EventCountry "USA"]
[SourceTitle "CBM 207 Extra"]
[Source "ChessBase"]
[SourceDate "2022.05.31"]
[SourceVersion "1"]
[SourceVersionDate "2022.05.31"]
[SourceQuality "1"]

1. d4 d5 2. c4 c6 3. Nc3 Nf6 4. e3 Bf5 5. cxd5 cxd5 6. Qb3 Bc8 7. Nf3 Nc6 8. Bb5 e6 9. Ne5 Bd7 10. 0-0 Bd6 11. f4 0-0 12. Bd2 a6 13. Bd3 b5 14. Rac1 Na5 15. Qd1 Rc8 16. g4 b4 17. Nb1 Rxc1 18. Bxc1 Ne4 19. g5 Bxe5 20. dxe5 Bb5 21. Bxb5 axb5 22. Nd2 Nxd2 23. Bxd2 Qe7 24. Qe2 Nc4 25. Rf3 Ra8 26. Rh3 Nxd2 27. Qxd2 Rxa2 28. Qd3 Ra1+ 29. Kg2 f5 30. gxf6 gxf6 31. Rg3+ Kh8 32. Qxb5 Ra8 33. Qc6 Rg8 34. f5 Rxg3+ 35. hxg3 fxe5 36. fxe6 d4 37. Qd7 Qc5 38. e7 Qc2+ 39. Kh3 1-0

[Event "Titled Tuesday intern op 22nd Feb Early"]
[Site "Chess.com INT"]
[Date "2022.02.22"]
[Round "9"]
[White "Fathy, Elameir"]
[Black "Sahin, Handenur"]
[Result "0-1"]
[WhiteElo "2300"]
[BlackElo "1997"]
[PlyCount "69"]
[EventDate "2022.02.22"]
[EventType "swiss (blitz)"]
[EventRounds "11"]
[EventCountry "USA"]
[SourceTitle "CBM 207 Extra"]
[Source "ChessBase"]
[SourceDate "2022.05.31"]
[SourceVersion "1"]
[SourceVersionDate "2022.05.31"]
[SourceQuality "1"]

1. d4 d5 2. Nf3 Nf6 3. c4 c6 4. g3 Bg4 5. Ne5 Bf5 6. Qb3 Qb6 7. c5 Qc7 8. Bf4 Qc8 9. Bg2 Nbd7 10. Nd2 Nxe5 11. Bxe5 Nd7 12. 0-0-0 Nxe5 13. dxe5 e6 14. e4 Bg6 15. Qc3 b6 16. exd5 cxd5 17. c6 Bc5 18. b4 Be7 19. Nb3 a5 20. a3 axb4 21. axb4 b5 22. Kb2 Ra4 23. Rd4 Qa6 24. Ra1 0-0 25. Rxa4 bxa4 26. Na5 Rc8 27. Bf3 Qf1 28. Rd2 Qb1+ 29. Ka3 h5 30. Qb2 Qf5 31. Be2 Qxf2 32. Bd3 Qe3 33. Ka2 Bxd3 34. Qc3 Bc4+ 35. Qxc4 0-1

[Event "Titled Tuesday intern op 22nd Feb Early"]
[Site "Chess.com INT"]
[Date "2022.02.22"]
[Round "2"]
[White "Kozak, Antoni"]
[Black "Sahin, Handenur"]
[Result "1-0"]
[WhiteElo "2457"]
[BlackElo "1997"]
[PlyCount "53"]
[EventDate "2022.02.22"]
[EventType "swiss (blitz)"]
[EventRounds "11"]
[EventCountry "USA"]
[SourceTitle "CBM 207 Extra"]
[Source "ChessBase"]
[SourceDate "2022.05.31"]
[SourceVersion "1"]
[SourceVersionDate "2022.05.31"]
[SourceQuality "1"]

1. d4 d5 2. Bf4 Nf6 3. e3 e6 4. Bd3 Bd6 5. Bg3 Nbd7 6. Nf3 Qe7 7. Ne5 h5 8. h3 h4 9. Bh2 c5 10. c3 Ne4 11. Nd2 Nxd2 12. Qxd2 Bxe5 13. dxe5 c4 14. Bc2 Nc5 15. 0-0 b6 16. b4 cxb3 17. axb3 Bb7 18. Qd4 Qg5 19. f4 Qe7 20. f5 exf5 21. Rxf5 Ne6 22. Qa4+ Kf8 23. Raf1 Qc5 24. Rxf7+ Kg8 25. Qg4 Qxe3+ 26. Kh1 Qxe5 27. Bxe5 1-0

[Event "Titled Tuesday intern op 22nd Feb Early"]
[Site "Chess.com INT"]
[Date "2022.02.22"]
[Round "11"]
[White "Sahin, Handenur"]
[Black "Petrovic, Aleksa"]
[Result "1-0"]
[WhiteElo "1997"]
[BlackElo "2296"]
[PlyCount "89"]
[EventDate "2022.02.22"]
[EventType "swiss (blitz)"]
[EventRounds "11"]
[EventCountry "USA"]
[SourceTitle "CBM 207 Extra"]
[Source "ChessBase"]
[SourceDate "2022.05.31"]
[SourceVersion "1"]
[SourceVersionDate "2022.05.31"]
[SourceQuality "1"]

1. e4 g6 2. d4 Bg7 3. Nf3 d6 4. Nc3 c6 5. Bd3 Bg4 6. Be3 e5 7. dxe5 dxe5 8. h3 Bxf3 9. Qxf3 Nd7 10. 0-0-0 Qf6 11. Qe2 Bh6 12. Kb1 Nf8 13. Bc4 Bxe3 14. fxe3 Ne6 15. Rhf1 Qe7 16. Qf3 Kf8 17. Qg3 f6 18. Qxe5 Nc5 19. Qd4 Re8 20. Rf4 Kg7 21. Rdf1 Ne6 22. Bxe6 Qxe6 23. g4 g5 24. Rf5 h6 25. Qxa7 Re7 26. Qc5 h5 27. Qd4 Kg6 28. Ne2 Qxe4 29. gxh5+ Rxh5 30. Qd8 Re8 31. Rxf6+ Nxf6 32. Qxf6+ Kh7 33. Ng3 Qg6 34. Nxh5 Qxh5 35. Qf7+ Qxf7 36. Rxf7+ Kg6 37. Rxb7 Rxe3 38. a4 Rxh3 39. a5 g4 40. a6 g3 41. a7 g2 42. a8Q g1Q+ 43. Ka2 Rh7 44. Qg8+ Rg7 45. Qxg7+ 1-0

[Event "Online Olym Disabilities"]
[Site "Tornelo INT"]
[Date "2020.11.26"]
[Round "6.13"]
[White "Kannan, V."]
[Black "Sahin, Handenur"]
[Result "1-0"]
[WhiteElo "1395"]
[BlackElo "1997"]
[PlyCount "107"]
[EventDate "2020.11.21"]
[EventType "team-swiss (rapid)"]
[EventRounds "7"]
[EventCountry "NET"]
[SourceTitle "CBM 199 Extra"]
[Source "ChessBase"]
[SourceDate "2021.01.31"]
[SourceVersion "1"]
[SourceVersionDate "2021.01.31"]
[SourceQuality "1"]
[WhiteTeam "India III"]
[BlackTeam "Turkey"]
[WhiteTeamCountry "IND"]
[BlackTeamCountry "TUR"]

1. e4 e5 2. Nf3 Nc6 3. d4 exd4 4. Nxd4 Nf6 5. Nxc6 bxc6 6. e5 Qe7 7. Qe2 Nd5 8. h4 a5 9. c4 Nb6 10. Nc3 a4 11. Bg5 Qb4 12. a3 Qa5 13. Bd2 Qc5 14. Ne4 Qxe5 15. Bf4 Qe6 16. Bxc7 Nxc4 17. Qxc4 d5 18. Qc2 Qxe4+ 19. Qxe4+ dxe4 20. 0-0-0 Be6 21. Rd4 Bc5 22. Rxe4 0-0 23. Bc4 Bd5 24. Rf4 Rac8 25. Be5 f6 26. Bc3 Bxf2 27. Bxd5+ cxd5 28. Rxf2 d4 29. Rc2 dxc3 30. Rxc3 Kf7 31. Rd1 Rxc3+ 32. bxc3 Rc8 33. Kc2 Rc4 34. Rd7+ Kg6 35. h5+ Kxh5 36. Rxg7 Kh6 37. Rg8 Rc6 38. Kd3 Rb6 39. Ra8 Rb2 40. g4 Kg5 41. Rxa4 Rb3 42. Kc2 Rb7 43. Rd4 f5 44. gxf5 Kxf5 45. c4 Ke5 46. Rd5+ Ke4 47. Kc3 h6 48. Rh5 Ra7 49. Kb4 Kd4 50. Rh4+ Kd3 51. c5 Rb7+ 52. Ka5 Ra7+ 53. Kb6 Rxa3 54. Rh3+ 1-0

[Event "Online Olym Disabilities"]
[Site "Tornelo INT"]
[Date "2020.11.24"]
[Round "4.12"]
[White "Figueroa Morales, Tomas"]
[Black "Sahin, Handenur"]
[Result "1-0"]
[WhiteElo "2093"]
[BlackElo "1997"]
[PlyCount "59"]
[EventDate "2020.11.21"]
[EventType "team-swiss (rapid)"]
[EventRounds "7"]
[EventCountry "NET"]
[SourceTitle "CBM 199 Extra"]
[Source "ChessBase"]
[SourceDate "2021.01.31"]
[SourceVersion "1"]
[SourceVersionDate "2021.01.31"]
[SourceQuality "1"]
[WhiteTeam "Chile"]
[BlackTeam "Turkey"]
[WhiteTeamCountry "CHI"]
[BlackTeamCountry "TUR"]

1. d4 d5 2. c4 c6 3. Nc3 Nf6 4. Nf3 dxc4 5. a4 Bf5 6. Ne5 Nbd7 7. Nxc4 Qc7 8. g3 e5 9. dxe5 Nxe5 10. Bf4 Nfd7 11. Bg2 g5 12. Bxe5 Nxe5 13. Qd4 Nxc4 14. Qxh8 0-0-0 15. Qf6 Be6 16. Qxg5 Be7 17. Qh6 Qb6 18. 0-0 Qxb2 19. Rfc1 Bf8 20. Qxh7 Bc5 21. Rab1 Qa3 22. Bh3 Bxh3 23. Qxh3+ Kb8 24. Qh4 Bxf2+ 25. Kxf2 Qc5+ 26. Kg2 Ne3+ 27. Kh1 Re8 28. Qf4+ Ka8 29. Qxf7 Rb8 30. Nb5 1-0

[Event "TUR-ch (Women)"]
[Site "Ankara"]
[Date "2020.03.05"]
[Round "6"]
[White "Sahin, Handenur"]
[Black "Akat, Elifnaz"]
[Result "1-0"]
[WhiteElo "2024"]
[BlackElo "1646"]
[PlyCount "95"]
[EventDate "2020.03.02"]
[EventType "swiss"]
[EventRounds "9"]
[EventCountry "TUR"]
[SourceTitle "CBM 195 Extra"]
[Source "ChessBase"]
[SourceDate "2020.05.31"]
[SourceVersion "1"]
[SourceVersionDate "2020.05.31"]
[SourceQuality "1"]

1. e4 c5 2. c3 Nf6 3. e5 Nd5 4. d4 cxd4 5. Nf3 e6 6. cxd4 d6 7. Bc4 Nc6 8. 0-0 Be7 9. Qe2 Qc7 10. Re1 dxe5 11. dxe5 Bd7 12. Bd2 Rc8 13. Nc3 Nxc3 14. Bxc3 0-0 15. Rac1 Bc5 16. Bd3 g6 17. Qd2 Kg7 18. b4 Bb6 19. b5 Ne7 20. Bb4 Qd8 21. Qg5 Nd5 22. Bxf8+ Qxf8 23. Rxc8 Qxc8 24. Rc1 Qf8 25. Qd2 Qa3 26. Bc4 Ba5 27. Qc2 Nc3 28. h3 Nxb5 29. Rb1 a6 30. Qd3 Qxd3 31. Bxd3 b6 32. Rc1 Nc3 33. Bxa6 Nxa2 34. Rc7 Be8 35. Ng5 Nc3 36. Nxe6+ Kh6 37. Nd4 Nd5 38. Rc8 Ba4 39. Bc4 Ne7 40. Ra8 Kg7 41. Ra7 Kf8 42. Nb3 Bc3 43. f4 Bd4+ 44. Kf1 Be3 45. g3 g5 46. f5 Nc6 47. Rxf7+ Ke8 48. e6 1-0